LEADER 01292nas 22004093 450 001 996280825203316 005 20221206192350.0 011 $a2378-5861 035 $a(OCoLC)569295828 035 $a(CKB)991042728861004 035 $a(CONSER)--2015202268 035 $a(EXLCZ)99991042728861004 100 $a20100325a19829999 --- a 101 0 $aeng 135 $aurbn||||||abp 135 $aurbn||||||ada 181 $ctxt$2rdacontent 182 $cc$2rdamedia 183 $acr$2rdacarrier 200 10$aProceedings of the ... American Control Conference 210 1$a[New York] :$cAmerican Automatic Control Council :$cDistributed through IEEE,$d1982- 311 $a0743-1619 531 $aPROC AM CONTROL CONF 531 $aAMERICAN CONTROL CONFERENCE 531 0 $aProc. Am. Control Conf. 606 $aAutomatic control$vCongresses 606 $aAutomatic control$2fast$3(OCoLC)fst00822702 608 $aPeriodicals.$2fast 608 $aConference papers and proceedings.$2fast 615 0$aAutomatic control 615 7$aAutomatic control. 676 $a628.8 676 $a629.8/05 712 02$aAmerican Automatic Control Council. 912 $a996280825203316 996 $aProceedings of the ... American Control Conference$91886429 997 $aUNISA LEADER 03724nam 2200673 a 450 001 9910960562703321 005 20200520144314.0 010 $a9780309524414 010 $a0309524415 010 $a9780585002217 010 $a0585002215 035 $a(CKB)110986584751994 035 $a(EBL)3375737 035 $a(SSID)ssj0000181223 035 $a(PQKBManifestationID)11183672 035 $a(PQKBTitleCode)TC0000181223 035 $a(PQKBWorkID)10158986 035 $a(PQKB)10035413 035 $a(Au-PeEL)EBL3375737 035 $a(CaPaEBR)ebr10041157 035 $a(OCoLC)923258495 035 $a(MiAaPQ)EBC3375737 035 $a(Perlego)4735602 035 $a(EXLCZ)99110986584751994 100 $a19971103d1997 uy 0 101 0 $aeng 135 $aur|n|---||||| 181 $ctxt 182 $cc 183 $acr 200 00$aInternational friction and cooperation in high-technology development and trade $epapers and proceedings : based on a conference held in Washington, D.C. on 30-31 May 1995 /$fCharles W. Wessner, editor ; Board on Science, Technology, and Economic Policy, National Research Council 205 $a1st ed. 210 $aWashington, D.C. $cNational Academy Press$d1997 215 $a1 online resource (394 p.) 300 $aDescription based upon print version of record. 311 08$a9780309057295 311 08$a0309057299 320 $aIncludes bibliographical references. 327 $a""Front Matter""; ""Contents""; ""Preface""; ""I INTRODUCTION""; ""II PROCEEDINGS""; ""Welcome""; ""Introductions by Project Co-Chairs""; ""Opening Address: The End of the Endless Frontier""; ""The Multilateral System and National Economic Strategies""; ""Regional Cooperation in Core Technologies: The Case of Airbus""; ""International Competition for High-Technology Industry and the Multilateral Trading System""; ""National Policies in Support of High-Technology Industry""; ""From Conflict to Cooperation: Trade in Semiconductors"" 327 $a""Foreign Direct Investment Restrictions: Consequences for Trade and Technology""""Second Daya???s Welcome""; ""Introduction""; ""Dual-Use Technologies and National Security""; ""Research, Economic Growth, and Competitiveness""; ""International Cooperation and Market Access in Telecommunications""; ""Participation in National Technology Development Programs""; ""Public and Private Programs and International Cooperation""; ""Strategic Alliances Among Private Firms""; ""National Investments and Global Economic Competition""; ""The Concept of National Economic Strategy"" 327 $a""Japan: The Philosophy of Government Support for Information Technology""""Asymmetries in National Patterns of Foreign Direct Investment: Consequences for Trade and Technology Development1""; ""Technology Issues in the International Trading System""; ""Dumping: Still a Problem in International Trade"" 606 $aHigh technology industries$vCongresses 606 $aInternational trade$vCongresses 606 $aTechnology transfer$vCongresses 606 $aResearch, Industrial$xInternational cooperation$vCongresses 615 0$aHigh technology industries 615 0$aInternational trade 615 0$aTechnology transfer 615 0$aResearch, Industrial$xInternational cooperation 676 $a338.91 701 $aWessner$b Charles W$0857991 712 02$aNational Research Council (U.S.).$bBoard on Science, Technology, and Economic Policy. 801 0$bMiAaPQ 801 1$bMiAaPQ 801 2$bMiAaPQ 906 $aBOOK 912 $a9910960562703321 996 $aInternational friction and cooperation in high-technology development and trade$94367410 997 $aUNINA